000 00412nam a2200121Ia 4500
008 220216s9999 xx 000 0 und d
100 _aZainuddin A P
245 0 _aExtension services for rubber smallholders in Malaysia: Major issues and implications
260 _bProceedings of the RRIM Rubber Growers Conference, Ipoh, Perak 1986; p52-63
650 _aMalaysia
650 _aRubber smallholders
942 _cJS
999 _c59187
_d59187